000
00323nam a22001337a 4500
003
SGT
020
_a
9789351437642
082
_b
SAB
100
_a
SABAT, DINESH
245
_a
ENVIRONMENTAL LAW AN ESSENTIAL REVISION AID FOR LAW STUDENTS
260
_b
UNIVERSAL LAW PUBLICATION
_c
2016
300
_a
159
942
_2
ddc
_c
BK
_0
5
999
_c
15831
_d
15831